[Event "25. Off. Württembergische Seniorenmst."]
[Site "Freudenstadt"]
[Date "2013.07.06"]
[Round "7.2"]
[White "Szenetra, Werner"]
[Black "Frick, Christoph"]
[Result "0-1"]
[WhiteElo "2038"]
[BlackElo "2154"]
[PlyCount "118"]
[EventDate "2013.??.??"]
[WhiteTeam "SV Berenbostel"]
[BlackTeam "SV Tübingen 1870 e.V."]

1. e4 c6 2. d3 d5 3. Nd2 e5 4. Ngf3 Qc7 5. g3 Nf6 6. Bg2 Bc5 7. O-O O-O 8. Qe2
Re8 9. Nb3 Bb6 10. a4 a5 11. Bg5 Nbd7 12. h3 h6 13. Be3 Bxe3 14. Qxe3 d4 15.
Qe2 b5 16. Qe1 b4 17. Nbd2 Ba6 18. b3 Nc5 19. Qe2 g6 20. Kh2 Re7 21. Rh1 Rf8
22. Raf1 Ree8 23. Kg1 Nh5 24. Nh4 Kh7 25. Nhf3 Ng7 26. Nh4 f5 27. Bf3 Re6 28.
Rh2 Qe7 29. Ng2 Qf7 30. g4 fxg4 31. hxg4 g5 32. Ne1 Rf6 33. Bh1 Nge6 34. Ndf3
Nd7 35. Qd2 Rf4 36. Bg2 Rxg4 37. Kh1 Rf4 38. Bh3 g4 39. Bxg4 Rg8 40. Bf5+ Kg7
41. Rg1+ Kf8 42. Rxg8+ Qxg8 43. Nxe5 Nxe5 44. Bxe6 Qg5 45. Ng2 Rf6 46. Qxg5
hxg5 47. Bf5 c5 48. f4 gxf4 49. Nxf4 Bb7 50. Rh8+ Ke7 51. Kg1 Kd6 52. Nh5 Rf7
53. Rh6+ Kc7 54. Nf4 Nd7 55. Kf2 Bc6 56. Ne6+ Kb6 57. Kg3 Rf6 58. Rh8 Ne5 59.
Kf4 Ng6+ 0-1

[Event "25. Off. Württembergische Seniorenmst."]
[Site "Freudenstadt"]
[Date "2013.07.06"]
[Round "7.3"]
[White "Pape, Manfred"]
[Black "Lainburg, Viktor"]
[Result "1-0"]
[WhiteElo "2087"]
[BlackElo "1984"]
[PlyCount "111"]
[EventDate "2013.??.??"]
[WhiteTeam "SK Bad Harzburg"]
[BlackTeam "SC Weisse Dame Ulm e.V."]

1. e4 Nf6 2. d3 e5 3. Nf3 Nc6 4. Be2 d5 5. Nbd2 Be7 6. O-O O-O 7. c3 Bg4 8. Qc2
Qd7 9. Re1 Rad8 10. a3 Rfe8 11. Bf1 a6 12. h3 Bh5 13. g3 dxe4 14. dxe4 Bc5 15.
Kg2 Qc8 16. Nc4 b5 17. Ncd2 Nd7 18. Nh4 Nb6 19. Nf5 f6 20. b4 Bf8 21. c4 Na7
22. c5 Na4 23. Nb3 Bf7 24. Na5 Qe6 25. Be2 h5 26. c6 g6 27. Be3 Nc8 28. Nh6+
Bxh6 29. Bxh6 g5 30. h4 gxh4 31. Nb7 Rd4 32. Be3 Ne7 33. Rac1 Ng6 34. Rh1 f5
35. Bxd4 exd4 36. exf5 Qxe2 37. Qxe2 Rxe2 38. fxg6 Bd5+ 39. Kf1 d3 40. Rxh4 Rc2
41. Ra1 d2 42. Ke2 Nc3+ 43. Kd3 Rc1 44. Kxd2 Rxa1 45. Kxc3 Rxa3+ 46. Kd4 Bxc6
47. Nc5 Be8 48. Rxh5 Bxg6 49. Rg5 Kh7 50. f4 Kh6 51. Ke5 a5 52. Kf6 Bc2 53. g4
Kh7 54. Kf7 Rh3 55. bxa5 b4 56. a6 1-0

[Event "25. Off. Württembergische Seniorenmst."]
[Site "Freudenstadt"]
[Date "2013.07.06"]
[Round "7.4"]
[White "Engbrecht, Helmut"]
[Black "Schmid, Hartmut"]
[Result "1/2-1/2"]
[WhiteElo "1899"]
[BlackElo "2049"]
[PlyCount "99"]
[EventDate "2013.??.??"]
[WhiteTeam "SV Schorndorf"]
[BlackTeam "Stuttgarter SF 1879"]

1. f4 Nf6 2. Nf3 d5 3. e3 g6 4. b3 Bg7 5. Bb2 O-O 6. Be2 c5 7. O-O Nc6 8. Ne5
e6 9. d3 Nxe5 10. Bxe5 Ne8 11. Bxg7 Kxg7 12. e4 b6 13. Nd2 Nd6 14. a4 Bb7 15.
Bf3 Qc7 16. g4 f6 17. Qe2 Nf7 18. Bg2 dxe4 19. Nxe4 Bxe4 20. Bxe4 Rad8 21. Bg2
Rfe8 22. Rf2 e5 23. Qf1 exf4 24. Rxf4 Qd6 25. Qf2 Re7 26. Rf1 Re6 27. h4 Rde8
28. Be4 Qe5 29. g5 Nxg5 30. hxg5 Qxg5+ 31. Qg2 Qxg2+ 32. Bxg2 f5 33. d4 cxd4
34. Rxd4 Kf6 35. Rd7 R8e7 36. Rfd1 Re1+ 37. Rxe1 Rxd7 38. c4 Rd3 39. b4 f4 40.
Bd5 Kg5 41. Kf2 Ra3 42. Re5+ Kf6 43. Re6+ Kf5 44. Re7 Rxa4 45. Rxh7 Rxb4 46.
Rxa7 Rb2+ 47. Kf3 Rb3+ 48. Kf2 Rb2+ 49. Kf3 Rb3+ 50. Kf2 1/2-1/2

[Event "25. Off. Württembergische Seniorenmst."]
[Site "Freudenstadt"]
[Date "2013.07.06"]
[Round "7.5"]
[White "Ahlberg, Guenter"]
[Black "Wetjen, Andreas"]
[Result "1-0"]
[WhiteElo "1897"]
[BlackElo "1986"]
[PlyCount "113"]
[EventDate "2013.??.??"]
[WhiteTeam "SG Weißensee 49 e.V."]
[BlackTeam "SK Union Oldenburg"]

1. e4 e5 2. Nf3 Nc6 3. Bb5 a6 4. Ba4 Nf6 5. Qe2 b5 6. Bb3 Be7 7. c3 d6 8. h3
Na5 9. Bc2 c5 10. d4 Qc7 11. O-O O-O 12. Rd1 Nc6 13. d5 Nd8 14. Nbd2 Ne8 15.
Nf1 f5 16. exf5 Bxf5 17. Bxf5 Rxf5 18. Ng3 Rf8 19. Be3 Rb8 20. a4 b4 21. Qxa6
Qd7 22. Qe2 h6 23. Bd2 bxc3 24. Bxc3 Ra8 25. a5 Nc7 26. Qe4 Rf4 27. Qc2 Nf7 28.
Bd2 Rxf3 29. gxf3 Qxh3 30. Qf5 Qh4 31. Qg4 Qxg4 32. fxg4 Nxd5 33. Nf5 Kf8 34.
Bxh6 Nxh6 35. Nxh6 gxh6 36. Rxd5 Kf7 37. f3 Ke6 38. Rd2 Ra6 39. b3 Bd8 40. Rda2
Kd5 41. Kf2 Bg5 42. Ra4 Kc6 43. Ke2 Kb5 44. Kd3 d5 45. R1a2 Bd8 46. Re2 Bc7 47.
Re1 c4+ 48. Kc2 cxb3+ 49. Kxb3 Rxa5 50. Rxa5+ Kxa5 51. Rh1 e4 52. fxe4 dxe4 53.
Rxh6 Bf4 54. Rh5+ Kb6 55. Kc4 e3 56. Kd3 Kc6 57. Rf5 1-0

[Event "25. Off. Württembergische Seniorenmst."]
[Site "Freudenstadt"]
[Date "2013.07.06"]
[Round "7.6"]
[White "Prill, Gerhard"]
[Black "Injac, Petar"]
[Result "1-0"]
[WhiteElo "1936"]
[BlackElo "1849"]
[PlyCount "95"]
[EventDate "2013.??.??"]
[WhiteTeam "SC Heitersheim"]
[BlackTeam "SF 1876 Göppingen"]

1. e4 d6 2. d4 Nf6 3. Nd2 c6 4. Ngf3 Qc7 5. Bd3 Bg4 6. O-O Nbd7 7. h3 Bh5 8. c3
e5 9. Re1 Be7 10. a4 a5 11. Qc2 h6 12. g4 Bg6 13. Nc4 Nh7 14. h4 h5 15. g5 f6
16. gxf6 gxf6 17. Ne3 O-O-O 18. d5 c5 19. Kf1 Nb6 20. b3 Qd7 21. Ke2 Kb8 22.
Rg1 Rhg8 23. Bd2 Qc7 24. Rg3 Bf7 25. Rag1 Rxg3 26. Rxg3 Rg8 27. Rxg8+ Bxg8 28.
Qd1 Bd8 29. Qg1 Bf7 30. Bb5 f5 31. Nxf5 Nf6 32. Ng5 Be8 33. Bxe8 Nxe8 34. Ne6
Qd7 35. c4 Nc8 36. Qg6 Nf6 37. Nxd8 Qxd8 38. Bg5 Nxd5 39. exd5 Qb6 40. Ne3 Qxb3
41. Qe8 Qa2+ 42. Kf3 Qb1 43. Bd8 Qh1+ 44. Ke2 e4 45. Qf7 Qh3 46. Qc7+ Ka8 47.
Qxa5+ Na7 48. Bb6 1-0

[Event "25. Off. Württembergische Seniorenmst."]
[Site "Freudenstadt"]
[Date "2013.07.06"]
[Round "7.7"]
[White "Juergens, Peter"]
[Black "Storkebaum, Karl-Heinrich"]
[Result "1/2-1/2"]
[WhiteElo "1867"]
[BlackElo "1754"]
[PlyCount "41"]
[EventDate "2013.??.??"]
[WhiteTeam "SC Tempo Göttingen"]
[BlackTeam "SAbt TEC Darmstadt"]

1. d4 Nf6 2. Nf3 e6 3. Bf4 d5 4. e3 Nbd7 5. Nbd2 b6 6. Bd3 Bb7 7. Ne5 Ne4 8.
O-O Nxe5 9. Bxe5 f6 10. Bg3 Bd6 11. Nf3 h5 12. c4 Qe7 13. Qa4+ Qd7 14. Qxd7+
Kxd7 15. Bxd6 cxd6 16. cxd5 Bxd5 17. a3 Rac8 18. Rfc1 Rxc1+ 19. Rxc1 Rc8 20.
Rxc8 Kxc8 21. Kf1 1/2-1/2

[Event "25. Off. Württembergische Seniorenmst."]
[Site "Freudenstadt"]
[Date "2013.07.06"]
[Round "7.8"]
[White "Giesen, Dieter"]
[Black "Fassmann, Kurt"]
[Result "1-0"]
[WhiteElo "2195"]
[BlackElo "1867"]
[PlyCount "71"]
[EventDate "2013.??.??"]
[WhiteTeam "SK 1912 Ludwigshafen"]
[BlackTeam "TuS Mehlmeisel"]

1. e4 d6 2. d4 c6 3. Nc3 Nf6 4. h3 b6 5. Be3 Bb7 6. Bd3 Nbd7 7. f4 c5 8. d5 e6
9. Bc4 exd5 10. exd5 Be7 11. Qf3 a6 12. a4 b5 13. axb5 axb5 14. Rxa8 Qxa8 15.
Bxb5 Qa1+ 16. Kd2 Qa5 17. Bc6 Ba6 18. Nge2 Bxe2 19. Kxe2 O-O 20. Kf2 Nb6 21.
Bc1 Rb8 22. Re1 Bf8 23. Qd3 g6 24. b3 Bg7 25. Ne4 Nxe4+ 26. Rxe4 Qa1 27. Be3
Rd8 28. Qe2 Nd7 29. Bxd7 Rxd7 30. Re8+ Bf8 31. f5 Qg7 32. Bg5 Qd4+ 33. Qe3 f6
34. Qxd4 cxd4 35. Bh6 Rf7 36. g4 1-0

[Event "25. Off. Württembergische Seniorenmst."]
[Site "Freudenstadt"]
[Date "2013.07.06"]
[Round "7.9"]
[White "Weinwurm, Wolfgang"]
[Black "Woisetschlaeger, Adolf"]
[Result "1-0"]
[WhiteElo "2113"]
[BlackElo "1723"]
[PlyCount "59"]
[EventDate "2013.??.??"]
[WhiteTeam "Ternitz"]
[BlackTeam "SC Schwarz-Weiss Zell"]

1. e4 e6 2. d4 d5 3. Nc3 dxe4 4. Nxe4 Nd7 5. Nf3 Ngf6 6. Nxf6+ Nxf6 7. c3 Be7
8. Bd3 b6 9. Ne5 O-O 10. Nc6 Qd6 11. Nxe7+ Qxe7 12. Qf3 Rb8 13. Bg5 h6 14. h4
Bb7 15. Qg3 Kh8 16. O-O-O Qd6 17. Bf4 Qd5 18. Bb1 Qxg2 19. Qe3 Qf3 20. Qd2 Ne4
21. Bxe4 Bxe4 22. Rhg1 Bg6 23. Rde1 Qh3 24. h5 Qxh5 25. Re5 Bf5 26. f3 f6 27.
Re2 Qxf3 28. Bxh6 gxh6 29. Qxh6+ Bh7 30. Qg7# 1-0

[Event "25. Off. Württembergische Seniorenmst."]
[Site "Freudenstadt"]
[Date "2013.07.06"]
[Round "7.10"]
[White "Helbig, Dieter"]
[Black "Trefzer, Erhard"]
[Result "1-0"]
[WhiteElo "1799"]
[BlackElo "1941"]
[PlyCount "83"]
[EventDate "2013.??.??"]
[WhiteTeam "SK Weilheim"]
[BlackTeam "SV Besigheim"]

1. c4 Nf6 2. d4 g6 3. Nc3 Bg7 4. Nf3 d6 5. e4 c6 6. Be2 O-O 7. O-O a5 8. h3 Na6
9. Be3 Bd7 10. Qd2 Qc7 11. Rad1 Rfd8 12. Qc1 c5 13. e5 Ne8 14. Nd5 Qb8 15.
Nxe7+ Kf8 16. Nd5 cxd4 17. Rxd4 dxe5 18. Rh4 Qd6 19. Rd1 Nc5 20. Rxh7 Rac8 21.
Bg5 Kg8 22. Nf6+ Qxf6 23. Bxf6 Nxf6 24. Rh4 e4 25. Ne5 Be6 26. Rxd8+ Rxd8 27.
Qe3 b6 28. b3 Nh7 29. Nc6 Rd7 30. Qf4 g5 31. Qb8+ Bf8 32. Rxh7 Rd2 33. Bg4 Nd7
34. Qe8 Kxh7 35. Bxe6 fxe6 36. Qf7+ Bg7 37. Qxe6 Nc5 38. Qf5+ Kh8 39. Qxg5 Rd7
40. Ne7 Rd6 41. Qh5+ Bh6 42. Qe5+ 1-0

[Event "25. Off. Württembergische Seniorenmst."]
[Site "Freudenstadt"]
[Date "2013.07.06"]
[Round "7.11"]
[White "Frank, Werner"]
[Black "Cichy, Michael"]
[Result "1/2-1/2"]
[WhiteElo "1831"]
[BlackElo "1934"]
[PlyCount "85"]
[EventDate "2013.??.??"]
[WhiteTeam "SG Schwäbisch Gmünd 1872 e.V"]
[BlackTeam "SC Braunschweig Gliesmarode v. 1"]

1. d4 Nf6 2. c4 e6 3. g3 Bb4+ 4. Bd2 Qe7 5. Bg2 Nc6 6. Nf3 Bxd2+ 7. Nbxd2 d6 8.
h3 e5 9. d5 Nb8 10. e4 a5 11. O-O O-O 12. b3 Na6 13. a3 c6 14. dxc6 bxc6 15.
Qe2 Rb8 16. Rab1 Nd7 17. Rfd1 Ndc5 18. Nh4 g6 19. Qe3 Kg7 20. Qc3 Qc7 21. f4
Ne6 22. fxe5 dxe5 23. Nhf3 f6 24. b4 axb4 25. axb4 c5 26. b5 Nb4 27. Nb3 Ra8
28. Rd2 Bb7 29. Ne1 Nd4 30. Kh2 Ra4 31. Rdb2 Nxb3 32. Rxb3 Rd8 33. Ra3 Rxa3 34.
Qxa3 Rd2 35. Qe3 Rd4 36. Rc1 Qf7 37. Qe2 Qd7 38. Ra1 Qd8 39. Ra7 Qb6 40. Ra3
Qd8 41. Ra7 Qb6 42. Ra3 Qd8 43. Ra7 1/2-1/2

[Event "25. Off. Württembergische Seniorenmst."]
[Site "Freudenstadt"]
[Date "2013.07.06"]
[Round "7.12"]
[White "Hoeschele, Hans-Ulrich"]
[Black "Mertens, Gottfried"]
[Result "1-0"]
[WhiteElo "1915"]
[BlackElo "1695"]
[PlyCount "109"]
[EventDate "2013.??.??"]
[WhiteTeam "Stuttgarter SF 1879"]
[BlackTeam "SK Weinheim 1911 e.V."]

1. e4 e6 2. d4 d5 3. Nd2 Nf6 4. e5 Ne4 5. Ngf3 c5 6. Bb5+ Bd7 7. Bxd7+ Qxd7 8.
Qe2 Nxd2 9. Bxd2 Nc6 10. dxc5 Bxc5 11. O-O Rc8 12. Qd3 Nb4 13. Bxb4 Bxb4 14. c3
Be7 15. Rfd1 O-O 16. c4 Rfd8 17. cxd5 exd5 18. h3 Bc5 19. Rac1 h6 20. a3 a6 21.
Rc2 Bb6 22. Rdc1 Rxc2 23. Rxc2 d4 24. Re2 Qd5 25. Nd2 Rc8 26. Kh2 Bc7 27. f4 f6
28. Nf3 fxe5 29. fxe5 Re8 30. Re4 Bxe5+ 31. Nxe5 Rxe5 32. Rxd4 Qf7 33. Qg3 Re8
34. Rf4 Qe6 35. Rb4 b5 36. Rg4 Qe5 37. Qxe5 Rxe5 38. Rg6 Re2 39. b4 a5 40. bxa5
Ra2 41. Rg3 Rc2 42. Rb3 Rc4 43. Rb4 Rc3 44. a4 bxa4 45. a6 Rc8 46. Rxa4 Ra8 47.
a7 Kf7 48. Kg3 Ke6 49. Kg4 g6 50. Ra6+ Kf7 51. h4 Kg7 52. Kf3 Kf7 53. Ke4 Ke8
54. Kd5 Kf7 55. Kc6 1-0

[Event "25. Off. Württembergische Seniorenmst."]
[Site "Freudenstadt"]
[Date "2013.07.06"]
[Round "7.13"]
[White "Spurga, Josef"]
[Black "Seibel, Wilhelm"]
[Result "1/2-1/2"]
[WhiteElo "1900"]
[BlackElo "1685"]
[PlyCount "41"]
[EventDate "2013.??.??"]
[WhiteTeam "VfL Sindelfingen"]
[BlackTeam "DJK Stuttgart-Süd"]

1. e4 e5 2. Nf3 Nc6 3. Bb5 d6 4. d4 Bd7 5. Nc3 exd4 6. Nxd4 Nxd4 7. Qxd4 Bxb5
8. Nxb5 Nf6 9. Bg5 Be7 10. O-O-O O-O 11. f3 Nxe4 12. Bxe7 Qxe7 13. Nxc7 Qxc7
14. Qxe4 Rfe8 15. Qd3 Qa5 16. Kb1 Re6 17. Qd2 Qb6 18. Rhe1 Rae8 19. c3 h6 20.
Rxe6 Rxe6 21. Re1 1/2-1/2

[Event "25. Off. Württembergische Seniorenmst."]
[Site "Freudenstadt"]
[Date "2013.07.06"]
[Round "7.14"]
[White "Lomer, Edmund"]
[Black "Klein, Peter"]
[Result "1-0"]
[WhiteElo "1879"]
[BlackElo "1559"]
[PlyCount "117"]
[EventDate "2013.??.??"]
[WhiteTeam "Eckernförder SC von 1921"]
[BlackTeam "SK Horb"]

1. Nf3 Nf6 2. g3 d5 3. Bg2 c6 4. d4 Bf5 5. O-O e6 6. Nh4 Bg6 7. Bg5 Be7 8. Nd2
Nbd7 9. c4 Qb6 10. cxd5 cxd5 11. Nb3 O-O 12. Rc1 Rac8 13. Nxg6 fxg6 14. Qd3 Rc6
15. e4 Rf7 16. Rxc6 bxc6 17. e5 Ng4 18. Bxe7 Rxe7 19. Bh3 Nh6 20. Qc3 Nf7 21.
Rc1 Nd8 22. Na5 Nb8 23. b4 a6 24. Rb1 Qb5 25. Qc5 Kf7 26. Qc3 Kg8 27. Nb3 Nd7
28. Bf1 Qb6 29. Nc5 Nxc5 30. Qxc5 Qxc5 31. bxc5 Rb7 32. Rb6 a5 33. Ra6 Kf8 34.
a3 Rb2 35. Rxa5 Rd2 36. Ra4 Rd1 37. Rb4 Ra1 38. a4 Ke7 39. Kg2 Kd7 40. h4 Kc7
41. Be2 Ra2 42. Bg4 Ra3 43. h5 gxh5 44. Bxh5 g6 45. Bg4 Ra2 46. Bd1 Ra1 47. Bc2
Ra2 48. Bb1 Ra1 49. Kh3 Nf7 50. f4 Ra3 51. Kh4 Ra1 52. g4 Ra3 53. Bc2 Rf3 54.
a5 Rxf4 55. Kg3 Rf1 56. a6 Ra1 57. Ba4 Rxa4 58. Rxa4 Kb8 59. Rb4+ 1-0

[Event "25. Off. Württembergische Seniorenmst."]
[Site "Freudenstadt"]
[Date "2013.07.06"]
[Round "7.15"]
[White "Schulz, Eugen"]
[Black "Kotlar, Alfred"]
[Result "0-1"]
[WhiteElo "1604"]
[BlackElo "1915"]
[PlyCount "137"]
[EventDate "2013.??.??"]
[WhiteTeam "SV Bottrop 1921"]
[BlackTeam "SK Recklinghausen Altsta"]

1. f4 d5 2. e3 c5 3. Bb5+ Nc6 4. b3 Bd7 5. Nf3 Qb6 6. Qe2 Nf6 7. O-O e6 8. Kh1
Be7 9. Bb2 O-O 10. Bxc6 Bxc6 11. d3 c4 12. Nbd2 cxd3 13. cxd3 Bb5 14. e4 dxe4
15. Nxe4 Nxe4 16. Qxe4 Bc6 17. Qe1 Qd8 18. Ne5 Bd5 19. Ng4 f6 20. Rc1 Rc8 21.
Qe2 Qd7 22. Qe3 b6 23. Qg3 Bb7 24. Rxc8 Bxc8 25. h3 Ba6 26. Rd1 h5 27. Nf2 Bb7
28. Qg6 Qe8 29. Qg3 Kf7 30. Ne4 Qd7 31. Qf3 Rh8 32. Qe2 g6 33. Ng5+ fxg5 34.
Bxh8 gxf4 35. Qe5 Ke8 36. Qxf4 g5 37. Qe3 Qd5 38. Qe2 Kd7 39. d4 Qf5 40. Qxh5
Qc2 41. Qg4 Bxg2+ 42. Qxg2 Qxd1+ 43. Kh2 Qc1 44. Be5 Qc6 45. Qe2 b5 46. Qd3 a6
47. Bg3 Qc1 48. Qe2 Qc6 49. Be5 Qd5 50. Qe3 Qa8 51. Qe2 Qc8 52. Qd2 Qf8 53. Qg2
Qc8 54. Qe4 Qc6 55. Qd3 a5 56. Kg3 a4 57. bxa4 bxa4 58. Qf3 Qd5 59. Qe3 Qc6 60.
Qd3 a3 61. Qb3 Qd5 62. Qa4+ Kd8 63. Qc2 Qb7 64. Kg4 Ke8 65. Qg6+ Kd8 66. Qd3
Qb2 67. Qc4 Qb7 68. Qa4 Qg2+ 69. Kh5 0-1

[Event "25. Off. Württembergische Seniorenmst."]
[Site "Freudenstadt"]
[Date "2013.07.06"]
[Round "7.16"]
[White "Schmid, Eugen"]
[Black "Gunnarsson, Leif"]
[Result "1/2-1/2"]
[WhiteElo "1942"]
[BlackElo "1785"]
[PlyCount "108"]
[EventDate "2013.??.??"]
[WhiteTeam "SV Herrenberg e.V."]
[BlackTeam "Kristallens Schackklubb"]

1. d4 Nf6 2. Nf3 g6 3. c4 Bg7 4. Nc3 d5 5. cxd5 Nxd5 6. Bd2 O-O 7. Rc1 c6 8. e3
Nd7 9. Be2 N7f6 10. O-O h6 11. Ne5 Nxc3 12. Bxc3 Nd5 13. Bd2 Kh7 14. Qc2 f5 15.
Nd3 Qd6 16. f4 Bd7 17. Nc5 Rab8 18. b4 Rfc8 19. Qb1 Nb6 20. Kh1 Be6 21. Nxe6
Qxe6 22. Bf3 Nd5 23. Qb3 Qd7 24. Rfd1 a6 25. a4 e6 26. Qd3 Bf8 27. Rb1 b5 28.
a5 Bd6 29. Rdc1 Qe7 30. Qb3 Rb7 31. Rb2 Rbc7 32. Rcb1 Kg7 33. Qd3 Kf7 34. g3
Kg7 35. e4 fxe4 36. Bxe4 Qf7 37. Re1 Ne7 38. Bc3 Nd5 39. Bg2 Qf5 40. Be4 Qf7
41. Qf3 Re8 42. Bb1 Qf6 43. Qd3 Kf7 44. Bd2 h5 45. Rf1 Qf5 46. Qf3 Qh3 47. Qf2
Nf6 48. Qe2 h4 49. Qg2 Qxg2+ 50. Kxg2 hxg3 51. hxg3 Rh8 52. Rh1 Rxh1 53. Kxh1
Nd5 54. Kg2 Be7 1/2-1/2

[Event "25. Off. Württembergische Seniorenmst."]
[Site "Freudenstadt"]
[Date "2013.07.06"]
[Round "7.17"]
[White "Schmieder, Siegfried"]
[Black "Sukatsch, Manfred"]
[Result "1-0"]
[WhiteElo "1931"]
[BlackElo "1757"]
[PlyCount "117"]
[EventDate "2013.??.??"]
[WhiteTeam "SG Schwäbisch Gmünd 1872 e.V"]
[BlackTeam "TSV Schönaich"]

1. e4 c5 2. Nc3 Nc6 3. Bb5 d6 4. Bxc6+ bxc6 5. f4 g6 6. d3 Bg7 7. Bd2 Rb8 8. b3
Nf6 9. Nf3 O-O 10. O-O Nd7 11. g4 e6 12. Qe1 Nb6 13. Qg3 Bd7 14. Rae1 d5 15. e5
Bc8 16. Nh4 f5 17. exf6 Qxf6 18. Nf3 Nd7 19. Ng5 Re8 20. f5 e5 21. Ne6 Rxe6 22.
fxe6 Qxe6 23. h3 Ba6 24. Ne2 Re8 25. c4 Bb7 26. h4 Nf6 27. g5 Nh5 28. Qg2 Bc8
29. Nf4 Nxf4 30. Bxf4 Qd6 31. Bg3 Bf5 32. Qe2 Qe6 33. Bf2 Bg4 34. Qd2 Bh3 35.
Bxc5 Bxf1 36. Rxf1 Qd7 37. Qf2 d4 38. Re1 a6 39. Qf3 Rc8 40. Kg2 Qf7 41. Rf1
Qe6 42. Qe4 Rc7 43. Bxd4 Rd7 44. Bc3 Qd6 45. Rf3 Rf7 46. Rxf7 Kxf7 47. b4 Ke6
48. d4 Qd7 49. Qg4+ Ke7 50. Qxd7+ Kxd7 51. dxe5 Ke6 52. Kf3 Bxe5 53. Bxe5 Kxe5
54. Ke3 Kf5 55. a4 Kg4 56. b5 cxb5 57. cxb5 axb5 58. axb5 Kxh4 59. Kf4 1-0

[Event "25. Off. Württembergische Seniorenmst."]
[Site "Freudenstadt"]
[Date "2013.07.06"]
[Round "7.18"]
[White "Kaufmann, Helmut"]
[Black "Foltas, Hermann"]
[Result "1/2-1/2"]
[WhiteElo "1773"]
[BlackElo "1913"]
[PlyCount "58"]
[EventDate "2013.??.??"]
[WhiteTeam "SK Eutingen"]
[BlackTeam "SK Siemens München"]

1. d4 Nf6 2. Nd2 d5 3. Ngf3 b6 4. e3 e6 5. c3 c5 6. Bd3 Bb7 7. O-O Bd6 8. Qe2
Ne4 9. Bb5+ Nd7 10. g3 a6 11. Ba4 b5 12. dxc5 Nexc5 13. Bc2 Nf6 14. Nd4 O-O 15.
f3 g6 16. b4 Ncd7 17. a4 e5 18. N4b3 Qc7 19. Nb1 bxa4 20. Na5 Nb6 21. Nxb7 Qxb7
22. Bxa4 Nxa4 23. Rxa4 Qb5 24. Qxb5 axb5 25. Rxa8 Rxa8 26. Na3 Rb8 27. Rd1 Be7
28. Bb2 h5 29. h3 g5 1/2-1/2

[Event "25. Off. Württembergische Seniorenmst."]
[Site "Freudenstadt"]
[Date "2013.07.06"]
[Round "7.19"]
[White "Just, Joachim"]
[Black "Scholtyssek, Werner"]
[Result "1-0"]
[WhiteElo "1903"]
[BlackElo "1597"]
[PlyCount "93"]
[EventDate "2013.??.??"]
[WhiteTeam "SV Motor Zeitz"]
[BlackTeam "SK Blankenloch 1947 e.V."]

1. e3 e5 2. d4 exd4 3. exd4 d5 4. Bd3 Nf6 5. Ne2 Be7 6. c4 c6 7. Nbc3 O-O 8. h3
Na6 9. c5 Nc7 10. Bd2 b6 11. b4 Re8 12. O-O Be6 13. Qc2 Qd7 14. Nf4 g6 15. Rfe1
Bf8 16. a4 Bg7 17. Rab1 bxc5 18. bxc5 Reb8 19. Nce2 g5 20. Nxe6 Nxe6 21. Bf5 h6
22. Qd3 Qc8 23. Ng3 Rxb1 24. Rxb1 Rb8 25. Re1 Qd7 26. Nf1 Ne4 27. Be3 N6xc5 28.
Bxd7 Nxd3 29. Rd1 Nb4 30. Rc1 Rb6 31. f3 Nf6 32. Bf5 a5 33. Nd2 Ne8 34. Rb1 Nd6
35. Bd3 Rb7 36. Be2 Nf5 37. Bf2 Nxd4 38. Bf1 Re7 39. h4 f5 40. Kh2 f4 41. Kh3
Ndc2 42. Nb3 Re6 43. Nxa5 d4 44. Bc4 Nd5 45. Nxc6 Kh7 46. Bxd5 Re2 47. Be4+ 1-0

[Event "25. Off. Württembergische Seniorenmst."]
[Site "Freudenstadt"]
[Date "2013.07.06"]
[Round "7.20"]
[White "Strenzke, Guenter"]
[Black "Abegg, Beat"]
[Result "1/2-1/2"]
[WhiteElo "1767"]
[BlackElo "1902"]
[PlyCount "69"]
[EventDate "2013.??.??"]
[WhiteTeam "SC Concordia SAbt Palame"]

1. d4 d5 2. c4 c6 3. Nc3 Nf6 4. Nf3 dxc4 5. a4 Bf5 6. e3 e6 7. Bxc4 Bb4 8. O-O
O-O 9. Bd2 Nbd7 10. Ne4 Be7 11. Nxf6+ Nxf6 12. Qb3 Qb6 13. Ne5 Rfd8 14. Bc3
Qxb3 15. Bxb3 Rac8 16. Rfc1 Nd7 17. Nc4 b6 18. Nd2 Nf6 19. Bd1 Bg4 20. Bxg4
Nxg4 21. Ne4 Nf6 22. Nxf6+ Bxf6 23. Be1 c5 24. Bc3 cxd4 25. Bxd4 Bxd4 26. exd4
Kf8 27. Rc3 Ke7 28. Kf1 Rxc3 29. bxc3 Rc8 30. Ra3 Kd6 31. Ke2 Kd5 32. Kd3 Rc4
33. f4 f6 34. g3 g5 35. fxg5 1/2-1/2

[Event "25. Off. Württembergische Seniorenmst."]
[Site "Freudenstadt"]
[Date "2013.07.06"]
[Round "7.21"]
[White "Kreie, Guenter"]
[Black "Gassenmann, Karlheinz"]
[Result "1-0"]
[WhiteElo "1751"]
[BlackElo "1857"]
[PlyCount "75"]
[EventDate "2013.??.??"]
[WhiteTeam "Turn- u. SpV Eichholz-Re"]
[BlackTeam "SF Schwarz-Weiß Merzhausen"]

1. e4 c5 2. d4 cxd4 3. c3 d3 4. Qxd3 Nc6 5. Nf3 d6 6. Be3 Nf6 7. Nbd2 e6 8. h3
a6 9. Be2 Be7 10. O-O O-O 11. a4 Qc7 12. Bf4 e5 13. Bg3 Re8 14. c4 h6 15. Qc3
Be6 16. Rac1 Rac8 17. b4 Qb6 18. a5 Qc7 19. Qb2 Qb8 20. Bd3 b6 21. axb6 Qxb6
22. Rb1 Rb8 23. b5 axb5 24. cxb5 Na7 25. Qa1 Nc8 26. Qa4 Nd7 27. Nc4 Bxc4 28.
Bxc4 Nc5 29. Qa2 Rf8 30. Bd5 Bd8 31. Bh4 Ne7 32. Bxe7 Bxe7 33. Ne1 Nd7 34. Nc2
Qd8 35. Ne3 Nb6 36. Nf5 Qd7 37. Bc6 Qe6 38. Qxe6 1-0

[Event "25. Off. Württembergische Seniorenmst."]
[Site "Freudenstadt"]
[Date "2013.07.06"]
[Round "8.2"]
[White "Frick, Christoph"]
[Black "Prill, Gerhard"]
[Result "1-0"]
[WhiteElo "2154"]
[BlackElo "1936"]
[PlyCount "69"]
[EventDate "2013.??.??"]
[WhiteTeam "SV Tübingen 1870 e.V."]
[BlackTeam "SC Heitersheim"]

1. Nc3 e5 2. Nf3 Nc6 3. d4 exd4 4. Nxd4 Nf6 5. Bg5 Be7 6. Nf5 h6 7. Nxg7+ Kf8
8. Bxf6 Bxf6 9. Nh5 Bxc3+ 10. bxc3 Qg5 11. Ng3 d5 12. e3 Be6 13. Rb1 Qf6 14.
Qd2 h5 15. Rxb7 h4 16. Ne2 Na5 17. Rb5 Nc4 18. Qd4 Qh6 19. Nf4 Nd6 20. Rb3 c6
21. Bd3 Rg8 22. Qc5 Bd7 23. Rb7 Be8 24. Ke2 Rg4 25. Rhb1 Rxf4 26. exf4 Qxf4 27.
g3 Qe5+ 28. Kf1 Kg8 29. R7b4 Nf5 30. Rg4+ Kh8 31. Bxf5 Qxf5 32. Rxh4+ Kg7 33.
Qd4+ Kf8 34. Re1 f6 35. Rf4 1-0

[Event "25. Off. Württembergische Seniorenmst."]
[Site "Freudenstadt"]
[Date "2013.07.06"]
[Round "8.3"]
[White "Villing, Dieter"]
[Black "Ahlberg, Guenter"]
[Result "1-0"]
[WhiteElo "1999"]
[BlackElo "1897"]
[PlyCount "69"]
[EventDate "2013.??.??"]
[WhiteTeam "SK 1962 Ladenburg"]
[BlackTeam "SG Weißensee 49 e.V."]

1. e4 c6 2. d4 d5 3. e5 Bf5 4. Nc3 Qb6 5. Nge2 e6 6. g3 c5 7. Bg2 Nd7 8. O-O
Bg6 9. Na4 Qc7 10. Bf4 b5 11. Nac3 a6 12. Nxd5 exd5 13. e6 Qc6 14. exd7+ Qxd7
15. Nc3 Nf6 16. Re1+ Be7 17. dxc5 O-O 18. Nxd5 Nxd5 19. Qxd5 Qxd5 20. Bxd5 Rad8
21. Bb7 Bxc5 22. Bxa6 b4 23. Bb5 Bd4 24. Bc7 Rc8 25. Bd6 Rfd8 26. Be7 Rd5 27.
Ba6 Rxc2 28. Rad1 Bxf2+ 29. Kf1 Bf5 30. Be2 Bd4 31. g4 Rxe2 32. Rxe2 Bxg4 33.
Bh4 Bxe2+ 34. Kxe2 h6 35. Kf3 {Rest unvollständig} 1-0

[Event "25. Off. Württembergische Seniorenmst."]
[Site "Freudenstadt"]
[Date "2013.07.06"]
[Round "8.4"]
[White "Lainburg, Viktor"]
[Black "Giesen, Dieter"]
[Result "0-1"]
[WhiteElo "1984"]
[BlackElo "2195"]
[PlyCount "68"]
[EventDate "2013.??.??"]
[WhiteTeam "SC Weisse Dame Ulm e.V."]
[BlackTeam "SK 1912 Ludwigshafen"]

1. d4 d5 2. Bg5 c6 3. e3 Qb6 4. b3 Bf5 5. Bd3 Bxd3 6. Qxd3 Nd7 7. Nf3 a5 8. O-O
Ngf6 9. Nbd2 h6 10. Bf4 e6 11. h3 Be7 12. c4 O-O 13. Rfd1 c5 14. g4 Rfd8 15.
Bg3 Qc6 16. cxd5 exd5 17. a4 b6 18. Rac1 Ne4 19. Ne5 Nxe5 20. Bxe5 Rac8 21.
Nxe4 dxe4 22. Qc4 Qg6 23. Qe2 Qe6 24. Qc4 Rd5 25. Qa6 h5 26. Bg3 hxg4 27. hxg4
Qxg4 28. Qf1 Rcd8 29. Qg2 R8d7 30. Rd2 cxd4 31. Rc8+ Bd8 32. exd4 Rxd4 33. Rxd4
Rxd4 34. Kh2 Qxc8 0-1